000
00290nam a2200109 4500
999
_c
9612
_d
9612
008
180712b ||||| |||| 00| 0 eng d
245
_a
Restorative devices donated.
260
_a
Davao City
_b
Sun Star Davao
_c
c2016
300
_a
page 10.
650
0
_9
28545
_a
Public welfare.
942
_2
ddc
_c
PER